Organic Chemistry (Record no. 23686)

000 -LEADER
fixed length control field 00324nam a22001217a 4500
008 - FIXED-LENGTH DATA ELEMENTS--GENERAL INFORMATION
fixed length control field 140101b xxu||||| |||| 00| 0 eng d
010 ## - LIBRARY OF CONGRESS CONTROL NUMBER
LC control number 2009034737
020 ## - INTERNATIONAL STANDARD BOOK NUMBER
International Standard Book Number 9780073375625
Terms of availability Available
050 ## - LIBRARY OF CONGRESS CALL NUMBER
Classification number 547
Item number 002350
082 ## - DEWEY DECIMAL CLASSIFICATION NUMBER
Edition number Third Ed
245 ## - TITLE STATEMENT
Title Organic Chemistry
Statement of responsibility, etc. Smith Janice Gorzynski
260 ## - PUBLICATION, DISTRIBUTION, ETC.
Place of publication, distribution, etc. USA
Name of publisher, distributor, etc. McGraw-Hill
Date of publication, distribution, etc. 2008
Holdings
Withdrawn status Lost status Source of classification or shelving scheme Damaged status Not for loan Permanent Location Current Location Shelving location Date acquired Total Checkouts Total Renewals Barcode Checked out Date last seen Date last checked out Price effective from Koha item type
          School of Interdisciplinary Engineering and Sciences (SINES) School of Interdisciplinary Engineering and Sciences (SINES) General Stacks 01/01/2014 3 1 RCMS002350 05/31/2022 09/13/2021 09/13/2021 01/01/2014 Book
© 2023 Central Library, National University of Sciences and Technology. All Rights Reserved.